Οργάνωση και διοίκηση της εκπαίδευσης : στην προσχολική και σχολική αγωγή

Αποθηκεύτηκε σε:
Λεπτομέρειες βιβλιογραφικής εγγραφής
Κύριος συγγραφέας: Σαΐτη, Άννα Χρ
Άλλοι συγγραφείς: Σαΐτης, Χρίστος Αθ
Μορφή: Βιβλίο
Γλώσσα:Greek
Δημοσίευση: Αθήνα : Κατάγραμμα, 2022.
Θέματα:
Ετικέτες: Προσθήκη ετικέτας
Δεν υπάρχουν, Καταχωρήστε ετικέτα πρώτοι!

MARC

LEADER 00000nam a2200000 a 4500
001 1/126003
008 230125s2022####gr | ||| |||| ||gre||
020 |a 9789609407878 
040 |a GR-MyUa  |b gre  |c GR-MyUa  |e AACR2 
041 0 |a gre 
082 7 |a 379.495   |2 (23) 
100 1 |a Σαΐτη, Άννα Χρ. 
245 1 0 |a Οργάνωση και διοίκηση της εκπαίδευσης :   |b στην προσχολική και σχολική αγωγή /   |c Άννα Χρ. Σαΐτη, Χρίστος Αθ. Σαΐτης. 
260 |a Αθήνα :   |b Κατάγραμμα,   |c 2022. 
300 |a 591 σ. ;   |c 24 εκ.  
504 |a Βιβλιογραφία : σ. 451-490. 
504 |a Περιλαμβάνει βιβλιογραφικές παραπομπές, παράρτημα και ευρετήριο. 
650 0 |a School management and organization 
650 0 |a School management and organization  |x Law and legislation. 
650 0 |a Elementary school administration  |z Greece. 
650 0 |a Early childhood education  |x Curricula. 
650 0 |a Education  |x Curricula  |z Greece. 
700 1 |a Σαΐτης, Χρίστος Αθ. 
852 |a INST  |b RHODES  |c EUDOXUS  |e 20230125  |h 379.495 ΣΑΙ  |p 005400043347  |q 005400043347  |t EDX  |y 0 
920 |a Εύδοξος  |b Παραγγελία  |y Ρόδος-ΤΕΠΑΕΣ  |z 2022-12 
970 |z 25-01-2023